Zaostáváme v CSR za světem? Příklad nadnárodní společnosti McDonald's

Stratégia CSR v medzinárodnej spoločnosti McDonald's, ktorá je najväčším reťazcom fastfood reštaurácií na svete. Stratégia "Scale for Good", ktorá naznačuje ciele, ako začleniť sociálne a environmentálne otázky do jadra svojho podnikania. Porovnanie aktivít CSR v zahraničí a v Českej republike.

Salvato in:
Dettagli Bibliografici
Autore principale: Vrbková, Lucie
Altri autori: Hommerová, Dita
Natura: Capitolo di libro
Lingua:ceco
Soggetti:
Tags: Aggiungi Tag
Nessun Tag, puoi essere il primo ad aggiungerne!!

MARC

LEADER 00000naa a2200000 4500
001 0265160
005 20221010175954.0
041 0 |a cze 
044 |a CZ 
245 1 0 |a Zaostáváme v CSR za světem? Příklad nadnárodní společnosti McDonald's  |c Lucie Vrbková, Dita Hommerová 
520 |a Stratégia CSR v medzinárodnej spoločnosti McDonald's, ktorá je najväčším reťazcom fastfood reštaurácií na svete. Stratégia "Scale for Good", ktorá naznačuje ciele, ako začleniť sociálne a environmentálne otázky do jadra svojho podnikania. Porovnanie aktivít CSR v zahraničí a v Českej republike. 
610 2 0 |a podnikanie zodpovedné 
610 2 0 |a zodpovednosť spoločenská 
610 2 0 |a ochrana prostredia životného 
610 2 0 |a obaly 
610 2 0 |a kódexy 
610 2 0 |a ochrana práv občanov 
610 2 0 |a spoločnosti nadnárodné 
100 1 |a Vrbková, Lucie 
700 1 |a Hommerová, Dita